Lodné a dopravné múzeum

Saved in:
Bibliographic Details
Main Author: Pohanič, Tomáš, 1990- (Author)
Other Authors: Šimkovič, Vladimír, 1953- (Thesis advisor)
Format: Manuscript Book
Language:Slovak
Published: Bratislava 2015
Subjects:
Online Access:http://is.stuba.sk/zp/portal_zp.pl?podrobnosti=110757
Tags: Add Tag
No Tags, Be the first to tag this record!

MARC

LEADER 00000ntm a22000003a 4500
001 stuzp51960
003 SK-STU
005 20210308080206.9
007 ta
008 150427s2015----xo-----f-mn---000-0-slo-d
040 |a STU  |b slo 
041 0 |a slo 
100 1 |a Pohanič, Tomáš,  |d 1990-  |u 058180  |4 aut  |U FAD Fakulta architektúry a dizajnu  |U FAD Fakulta architektúry  |T FA Ústav architektúry občianskych budov  |X 68423  |U A8180  |Y 399  |7 A000068423 
242 0 1 |a Museum of transportation and shipping  |y eng 
245 1 0 |a Lodné a dopravné múzeum 
260 |c 2015  |a Bratislava 
650 4 |a múzeum  |2 slo 
650 4 |a doprava  |2 slo 
650 4 |a prístav  |2 slo 
650 4 |a Bratislava  |2 slo 
650 4 |a museum  |2 eng 
650 4 |a transportation  |2 eng 
650 4 |a harbour  |2 eng 
650 4 |a Bratislava  |2 eng 
700 1 |a Šimkovič, Vladimír,  |d 1953-  |4 ths  |X 394  |7 A000000394 
856 4 |u http://is.stuba.sk/zp/portal_zp.pl?podrobnosti=110757  |u https://opac.crzp.sk/?fn=detailBiblioForm&sid=E75B5E22D326BA6A98AB91CFFF20 
SQL |a stuzp51960  |b DDP  |c SLO  |d Lodné a dopravné múzeum  |e 68423  |f Pohanič, Tomáš  |g 058180  |h 394  |i Šimkovič, Vladimír  |j 20150604  |k 153  |l 05  |m http://is.stuba.sk/zp/portal_zp.pl?podrobnosti=110757  |n I-ARCH  |o 5.1.1. architektúra a urbanizmus